000 01528nam2a22002651 4500
001 rc\4924017
005 20250613041721.0
021 _aRU
_b[64-9773]
035 _a(NLR Aleph) 008942311
090 _a8953217
_c8953217
100 _a20130426d1964 |||y0rusy50 ca
101 0 _arus
102 _aRU
105 _aa z |||||
200 1 _aСиловые электрические конденсаторы
210 _d1964
_aБ. м.
215 _a86 с.
_cил.
320 _aБиблиогр.: с. 84-85 (28 назв.)
461 0 _1001rc\4924016
_12001#$aЭлектрические конденсаторы$eЛекции$eВып. 1-$fМ-во высш. и сред. спец. образования РСФСР. Всесоюз. заоч. энергет. ин-т. Кафедра электроизоляционной и кабельной техники$vВып. 1
_1700#1$aЯманова$bЛ.В.$gЛенита Васильевна
_98953212
_aЯманова, Л.В.
_cМосква
_d1964
_fМ-во высш. и сред. спец. образования РСФСР. Всесоюз. заоч. энергет. ин-т. Кафедра электроизоляционной и кабельной техники
_nБ. и.
_oЛекции : Вып. 1-
_tЭлектрические конденсаторы
_vВып. 1
606 _aЭлектрические конденсаторы, силовые (вып. 1)
_2psbo
801 0 _aRU
_bNLR
_gpsbo
801 1 _aRU
_bELAR
_2rusmarc
852 _aNLR
_j64-4/3319
942 _cBOOK
980 _aNB